| 000 | 00364cam a2200145ua 4500 | ||
|---|---|---|---|
| 041 |
_aeng _h |
||
| 082 |
_a631.86 _bSMI/MA |
||
| 100 | _aSmith, A M . | ||
| 245 |
_aManures and fertilizers / _cA M Smith. _hTextual Documents |
||
| 260 |
_aLondon : _bThomas Nelson and sons Ltd. , _c1952. |
||
| 300 | _a275 ; . | ||
| 504 | _a | ||
| 942 | _cBK | ||
| 999 |
_c10744 _d10744 |
||